Fī bilādī al-jamīlah (Record no. 46911)

MARC details
000 -LEADER
fixed length control field 00753cam a22002531 4500
001 - CONTROL NUMBER
control field ne 64000958
003 - CONTROL NUMBER IDENTIFIER
control field DLC
005 - DATE AND TIME OF LATEST TRANSACTION
control field 20260227111758.0
008 - FIXED-LENGTH DATA ELEMENTS--GENERAL INFORMATION
fixed length control field 900625s1962 ua a 000 0 ararc
010 ## - LIBRARY OF CONGRESS CONTROL NUMBER
LC control number ne 64000958
025 ## - OVERSEAS ACQUISITION NUMBER
Overseas acquisition number PL480:UAR-4016
035 ## - SYSTEM CONTROL NUMBER
System control number (OCoLC)21915994
040 ## - CATALOGING SOURCE
Original cataloging agency Princeton Univ. Libr.
Transcribing agency WaU
Modifying agency DLC
042 ## - AUTHENTICATION CODE
Authentication code premarc
043 ## - GEOGRAPHIC AREA CODE
Geographic area code f-ua---
050 00 - LIBRARY OF CONGRESS CALL NUMBER
Classification number DT56
Item number .F8
100 1# - MAIN ENTRY--PERSONAL NAME
Personal name Fuʼād, Niʻmāt Aḥmad.
245 10 - TITLE STATEMENT
Title Fī bilādī al-jamīlah
Statement of responsibility, etc. [taʼlīf] Niʻmat Aḥmad Fuʼād.
250 ## - EDITION STATEMENT
Edition statement [al-Ṭabʻah al-ūlá]
260 ## - PUBLICATION, DISTRIBUTION, ETC.
Place of publication, distribution, etc. al-Qāhirah,
Name of publisher, distributor, etc. Muʼassasat al-Khānjī
Date of publication, distribution, etc. [1962]
300 ## - PHYSICAL DESCRIPTION
Extent 12, 294 p.
Other physical details illus.
Dimensions 20 cm.
651 #0 - SUBJECT ADDED ENTRY--GEOGRAPHIC NAME
Geographic name Egypt
General subdivision Social life and customs.
651 #0 - SUBJECT ADDED ENTRY--GEOGRAPHIC NAME
Geographic name Egypt
General subdivision Description and travel.

No items available.

Powered by Koha